000 00295nam a2200121Ia 4500
008 190216s9999||||xx |||||||||||||| ||und||
100 _aRajan J B
245 2 _aA Text Book Of Heat And Thermodynamics
260 _bS Chand & Co
_c1978
300 _a578p
650 _aThermodynamics
942 _cBK
999 _c32864
_d32864